<?xml version="1.0" encoding="UTF-8"?>
<collection xmlns:xsi="http://www.w3.org/2001/XMLSchema-instance" xsi:schemaLocation="http://www.loc.gov/MARC21/slim http://www.loc.gov/standards/marcxml/schema/MARC21slim.xsd" xmlns="http://www.loc.gov/MARC21/slim">
 <record>
  <leader>00000nam a22000004a 4500</leader>
  <controlfield tag="001">UP-8027258850631530081</controlfield>
  <controlfield tag="003">Buklod</controlfield>
  <controlfield tag="005">20240729145712.0</controlfield>
  <controlfield tag="006">tdo  erm   |||| u|</controlfield>
  <controlfield tag="007">ta</controlfield>
  <controlfield tag="008">240729s2024    ph     er    |||| u|eng d</controlfield>
  <datafield tag="040" ind1="0" ind2=" ">
   <subfield code="a">NTTCHP</subfield>
   <subfield code="e">rda</subfield>
  </datafield>
  <datafield tag="041" ind1="0" ind2=" ">
   <subfield code="a">eng</subfield>
  </datafield>
  <datafield tag="090" ind1="0" ind2="0">
   <subfield code="a">LG 995 2024 H32</subfield>
   <subfield code="b">M37</subfield>
  </datafield>
  <datafield tag="100" ind1="1" ind2=" ">
   <subfield code="a">Martinez, Teresita L.</subfield>
   <subfield code="e">author.</subfield>
  </datafield>
  <datafield tag="245" ind1="0" ind2="0">
   <subfield code="a">A proposed evaluation plan for the UST hospital combined Neurology-Psychiatry Residency Training Program</subfield>
   <subfield code="b">to reflect on the past, assess the present, and shape the future</subfield>
   <subfield code="c">Teresita L. Martinez; Melflor A. Atienza, MD, MHPEd, program adviser.</subfield>
  </datafield>
  <datafield tag="264" ind1=" " ind2="0">
   <subfield code="a">Manila</subfield>
   <subfield code="b">National Teacher Training Center for the Health Professions, University of the Philippines Manila</subfield>
   <subfield code="c">2024.</subfield>
  </datafield>
  <datafield tag="300" ind1=" " ind2=" ">
   <subfield code="a">ix, 92 leaves</subfield>
   <subfield code="c">28 cm.</subfield>
  </datafield>
  <datafield tag="336" ind1=" " ind2=" ">
   <subfield code="a">text</subfield>
   <subfield code="2">rdacontent</subfield>
  </datafield>
  <datafield tag="337" ind1=" " ind2=" ">
   <subfield code="a">unmediated</subfield>
   <subfield code="2">rdamedia</subfield>
  </datafield>
  <datafield tag="338" ind1=" " ind2=" ">
   <subfield code="a">volume</subfield>
   <subfield code="2">rdacarrier</subfield>
  </datafield>
  <datafield tag="502" ind1=" " ind2=" ">
   <subfield code="a">Capstonae Project</subfield>
   <subfield code="b">Master in Health Professions Education (Professional Track)</subfield>
   <subfield code="c">National Teacher Training Center for the Health Professions, University of the Philippines Manila</subfield>
   <subfield code="d">2024.</subfield>
  </datafield>
  <datafield tag="520" ind1="0" ind2=" ">
   <subfield code="a">Program evaluation is essential to maintain quality and check if the program's intended outcomes or training are met. This assessment helps strengthen the quality of programs and improve the outcomes for the recipient (of the service/training, etc.). Neurology and Psychiatry are two separate disciplines dealing with the same organ system … the brain (or the mind). With the looming implementation of the Universal Health Law and the endeavor of both specialties to achieve autonomy from Internal Medicine and Pediatrics, it is high time to evaluate an old (seasoned) program that offers Neurology and Psychiatry in a combined comprehensive curriculum spread in a 4-year training period.&#13;
&#13;
This proposed evaluation framework utilizes the CIPP Evaluation Model authored by Daniel Stufflebeam in the 1960s (CIPP Model | Poorvu Center for Teaching and Learning, n.d.). CIPP, an acronym for CONTEXT, INPUT, PROCESS, and PRODUCT evaluation, is a decision-oriented model that systematically collects information about a program to identify strengths, limitations, areas for improvement, impact, effectiveness, and sustainability. This evaluation proposal aims to answer if the training program is at par with or aligned with at least the minimum requirements of both specialties and is equal to similar programs outside of the Philippines certified by the American Board of Psychiatry and Neurology. Furthermore, it aims to check if the current duration of training and the allocated time for areas of rotations are sufficient to fulfill the requisites set by the accreditation bodies and adequate to satisfy the terminal competencies required of the trainees. This evaluation is designed for internal (department executive committee) and external evaluators (representatives from ANSB, PBP, ABPN) for program improvement.&#13;
&#13;
Context Evaluation will investigate the needs and opportunities, the department’s status regarding accreditation, services, and training offered, number of applicants, etc. Input Evaluation checks and determines available monetary or other forms of resources (cases/patients, facility, teaching and training staff, etc.). It will also check future directions and align with available standards or prescribed requirements of accrediting bodies. Process Evaluation will assess the processes, how the program is being executed, how the resources are properly utilized and appropriately allocated. It will investigate assessment and evaluation methodologies, standardize the rubrics, scales, checklists, etc. Finally, Product Evaluation will concentrate on the training graduates, the satisfaction and perceived effectiveness of the training by the current trainees, and check if the intended training outcomes are met.&#13;
&#13;
This evaluation seeks to assess if the program can still be improved, if parts of the training curriculum can be pruned, if there is a need for more rotations, longer durations, more trainers, etc. It hopes to prove or disprove if the program can deliver and produce outcomes at par with other similar programs outside of the Philippines or if the graduates are in comparison with, if not superior, to, graduates of straight programs in either Neurology or Psychiatry. Moreover, it is to substantiate its sustainability amid the implementation of the Universal Health Law and increasing restrictions of both accreditation bodies.</subfield>
  </datafield>
  <datafield tag="650" ind1="1" ind2="4">
   <subfield code="a">Program evaluation.</subfield>
  </datafield>
  <datafield tag="650" ind1="0" ind2="4">
   <subfield code="a">Residency training program.</subfield>
  </datafield>
  <datafield tag="700" ind1="1" ind2=" ">
   <subfield code="a">Atienza, Melflor A.</subfield>
   <subfield code="e">program adviser.</subfield>
  </datafield>
  <datafield tag="905" ind1=" " ind2=" ">
   <subfield code="a">FI</subfield>
  </datafield>
  <datafield tag="905" ind1=" " ind2=" ">
   <subfield code="a">UP</subfield>
  </datafield>
  <datafield tag="950" ind1=" " ind2=" ">
   <subfield code="a">Print, PDF</subfield>
  </datafield>
  <datafield tag="852" ind1="0" ind2=" ">
   <subfield code="a">UPMNL</subfield>
   <subfield code="b">NTTC</subfield>
   <subfield code="h">LG 995 2024 H32</subfield>
   <subfield code="i">M37</subfield>
  </datafield>
  <datafield tag="942" ind1=" " ind2=" ">
   <subfield code="a">Thesis</subfield>
  </datafield>
 </record>
</collection>
